| 000 | 00907nam a22002177a 4500 | ||
|---|---|---|---|
| 003 | 0 | ||
| 005 | 20250127115526.0 | ||
| 008 | 250127b xxu||||| |||| 00| 0 eng d | ||
| 050 |
_aHD 7104.5 _b.M36 2018 |
||
| 100 | _aManabat, Angela Allyson V. | ||
| 245 |
_aReadiness for retirement _b A comparative analysis between part-time and full-time faculty members of southville international school and colleges _c Angela Allyson V. Manabat |
||
| 260 |
_aLas Pinas City _bSouthville International School and Colleges _c2018 |
||
| 300 |
_aiv, 71 pages ; _c28cm. |
||
| 500 | _aHuman Resource Management. | ||
| 504 | _aIncludes bibliographical references and appendices. | ||
| 650 | _aRetirement—Psychological aspects. | ||
| 650 | _aCollege teachers—Retirement | ||
| 650 | _aSouthville International School and Colleges—Faculty—Retirement. | ||
| 650 | _aRetirement—Planning. | ||
| 942 |
_2lcc _cTH |
||
| 999 |
_c367072 _d367072 |
||